Weed science : (Record no. 7984)

MARC details
000 -LEADER
fixed length control field 00668nam a22002177a 4500
003 - CONTROL NUMBER IDENTIFIER
control field OSt
005 - DATE AND TIME OF LATEST TRANSACTION
control field 20220812140603.0
008 - FIXED-LENGTH DATA ELEMENTS--GENERAL INFORMATION
fixed length control field 220812b ||||| |||| 00| 0 eng d
020 ## - INTERNATIONAL STANDARD BOOK NUMBER
International Standard Book Number 9780471370512
040 ## - CATALOGING SOURCE
Transcribing agency DDC
082 ## - DEWEY DECIMAL CLASSIFICATION NUMBER
Classification number 632.5 MON 2002
100 ## - MAIN ENTRY--PERSONAL NAME
Personal name Monaco, Thomas J. ; Stephen C. Weller; Floyd M. Ashton
9 (RLIN) 16213
245 ## - TITLE STATEMENT
Title Weed science :
Remainder of title principles and practices
250 ## - EDITION STATEMENT
Edition statement Fourth edition
260 ## - PUBLICATION, DISTRIBUTION, ETC. (IMPRINT)
Place of publication, distribution, etc. New York :
Name of publisher, distributor, etc. Wiley;
Date of publication, distribution, etc. ©2002
300 ## - PHYSICAL DESCRIPTION
Extent xi, 671 pages :
Other physical details illustrations ;
Dimensions 25 cm
504 ## - BIBLIOGRAPHY, ETC. NOTE
Bibliography, etc Includes bibliographical references and index
650 ## - SUBJECT ADDED ENTRY--TOPICAL TERM
Topical term or geographic name as entry element Weeds -- Control.
9 (RLIN) 16214
650 ## - SUBJECT ADDED ENTRY--TOPICAL TERM
Topical term or geographic name as entry element Herbicides.
9 (RLIN) 16215
942 ## - ADDED ENTRY ELEMENTS (KOHA)
Source of classification or shelving scheme Dewey Decimal Classification
Koha item type Book
Holdings
Withdrawn status Lost status Source of classification or shelving scheme Damaged status Not for loan Home library Current library Date acquired Source of acquisition Inventory number Total Checkouts Full call number Barcode Date last seen Price effective from Koha item type
    Dewey Decimal Classification     MUST Main Library MUST Main Library 12/08/2022 Purchase 22/41855   632.5 MON 2002 2022-7894 12/08/2022 12/08/2022 Book
    Dewey Decimal Classification     MUST Main Library MUST Main Library 12/08/2022 Purchase 22/41857   632.5 MON 2002 2022-7895 12/08/2022 12/08/2022 Book
    Dewey Decimal Classification     MUST Main Library MUST Main Library 12/08/2022 Purchase 22/41856   632.5 MON 2002 2022-7896 12/08/2022 12/08/2022 Book